Sports Movies - Statistics

General Stats
  • This quiz has been taken 114 times
    27 since last reset
  • The average score is 19 of 36
Answer Stats
Picture Hint Answer % Correct
Golf Happy Gilmore
100%
Stock Car Racing Cars
95%
Karate The Karate Kid
91%
Basketball Space Jam
86%
Boxing Rocky
82%
Football The Waterboy
77%
Baseball Field of Dreams
73%
Baseball Moneyball
73%
Hockey The Mighty Ducks
73%
Football Remember the Titans
68%
Football The Blind Side
68%
Baseball 42
64%
Basketball Air Bud
64%
Baseball The Sandlot
64%
Baseball A League of their Own
59%
Dodgeball Dodgeball: A True Underdog Story
59%
Wrestling Nacho Libre
59%
Football Ace Ventura: Pet Detective
55%
Baseball Major League
55%
Stock Car Racing Talladega Nights: The Ballad of Ricky Bobby
55%
Basketball White Men Can't Jump
55%
Golf Caddyshack
50%
Bowling The Big Lebowski
50%
Basketball Hoosiers
45%
Football Rudy
45%
Boxing Raging Bull
41%
Boxing Real Steel
41%
Baseball The Bad News Bears
41%
Football Jerry Maguire
36%
Hockey Slap Shot
32%
Bowling Kingpin
27%
Wrestling The Iron Claw
27%
Football Heaven Can Wait
18%
Billiards The Hustler
9%
Cross Country Arthur the King
5%
Chess Pawn Sacrifice
5%
No matching quizzes found
Score Distribution
Percent of People with Each Score
Percentile by Number Answered
Your Score History
You have not taken this quiz since the last reset